000 00720cam a22002533a 4500
001 10529
003 PGUSA
005 20140828083225.0
008 031201s2003||||xxu|||||s|||||000 | eng d
040 _aPGUSA
_beng
042 _adc
050 4 _aM
100 1 _aMcGuinn, Roger
245 1 0 _aI am a Pilgrim
_h[electronic resource] /
_cRoger McGuinn
260 _bProject Gutenberg,
_c2003
500 _aRecorded in November 2002.
506 _aCopyrighted. Read the copyright notice inside this book for details.
516 _aElectronic text
653 _aGospel music
653 _aSpirituals (Songs)
830 0 _aProject Gutenberg
_v10529
856 4 0 _uhttp://www.gutenberg.org/ebooks/10529
942 _cEB
999 _c239784
_d239784